Chuẩn đoán điều trị các bệnh khớp xương, tim mạch /

Na minha lista:
Detalhes bibliográficos
Autor principal: Nguyễn Đình Thiên
Outros Autores: Lê Minh Xuân
Formato: Livro
Idioma:Vietnamese
Publicado em: American : ADBS , 1984
Edição:In lần thứ 1
Assuntos:
Tags: Adicionar Tag
Sem tags, seja o primeiro a adicionar uma tag!
Thư viện lưu trữ: Thư viện Trường CĐ Kỹ Thuật Cao Thắng
LEADER 00756nam a2200229 a 4500
001 TVCDKTCT2425
003 Thư viện trường Cao đẳng Kỹ thuật Cao Thắng
005 20050816000000
008 050816
980 \ \ |a Thư viện Trường CĐ Kỹ Thuật Cao Thắng 
024 |a RG_1 #1 eb0 i1 
041 0 # |a vie 
082 # # |a 615.5 /   |b NG527T-c 
100 1 # |a Nguyễn Đình Thiên 
245 0 0 |a Chuẩn đoán điều trị các bệnh khớp xương, tim mạch /  |c Nguyễn Đình Thiên, Lê Minh Xuân 
250 # # |a In lần thứ 1 
260 # # |a American :  |b ADBS ,  |c 1984 
300 # # |a 117tr. ;  |c 19cm 
650 # 4 |a Y Học 
650 # 4 |a Điều trị 
650 # 4 |a Tim mạch 
700 0 # |a Lê Minh Xuân